Yerel/bölgesel ekonomik kalkınma ve rekabet gücünün artırılması : Bölgesel kalkınma ajansları (Record no. 2687)

MARC details
000 -BAŞLIK
Sabit Uzunlukta Kontrol Alanı 00891na a2200277 4500
001 - KONTROL NUMARASI
Denetim Alanı 20647
003 - KONTROL NUMARASI IDENTIFIER
Denetim Alanı MIRAKIL
005 - SON İŞLEM TARİHİ VE ZAMANI
Denetim Alanı 20181213154906.0
008 - SABİT-BOY VERİ ELEMANLARI - GENEL BİLGİLER
Sabit Uzunlukta Kontrol Alanı 170125b tu 000 0
020 ## - ULUSLARARASI STANDART KİTAP NUMARASI
Uluslararası Standart Kitap Numarası 975512702X
040 ## - KATALOGLAMA KAYNAK
Orijinal Kataloglama Ajansı Milas
Kataloglama Dili tur
Metne Dönüştürmek Ajansı TR-AnCHP
041 ## - DİL KODU
Metin / Ses Parça Veya Ayrı Başlığın Dil Kodu tur
082 ## - DEWEY ONLU SINIFLANDIRMA NUMARASI
Sınıflandırma Numarası 338.9
Ürün Numarası Y36 2003
090 ## - SINIFLAMA NUMARASI
Sınıflama Numarası 338.9 Y36 2003
245 ## - BAŞLIK TABLOSU
Başlık Yerel/bölgesel ekonomik kalkınma ve rekabet gücünün artırılması : Bölgesel kalkınma ajansları
Sorumluluk Tablosu, Vb Serap Kayasü,...[ve öte.]
260 ## - YAYIN, DAĞITIM, VB
Yayın, Dağıtım, Vb Yeri İstanbul
Yayıncı, Dağıtıcı, Vs Adı İTO
Yayın, Dağıtım, Vb Tarihi 2003
300 ## - FİZİKSEL TANIM
Kapsam 148 s.
Diğer Fiziksel Ayrıntıları tbl.; grf.
Boyutlar 23 sm.
490 ## - SERİSİ TABLOSU
Seri Beyanı İstanbul Ticaret Odası Yayınları
Hacim / Ardışık Tanımı 2003-8
504 ## - KAYNAKÇA VB NOT
Kaynakça Vb Notu Kaynakça var.
650 ## - KONU KATMA GİRİŞ - TOPİKAL DÖNEM
Topikal Süreli Veya Coğrafi Ad Giriş Elemanı Bölgesel kalkınma ajansları
650 ## - KONU KATMA GİRİŞ - TOPİKAL DÖNEM
Topikal Süreli Veya Coğrafi Ad Giriş Elemanı Ekonomik kalkınma
Genel Alt Bölümü Rekabet
650 ## - KONU KATMA GİRİŞ - TOPİKAL DÖNEM
Topikal Süreli Veya Coğrafi Ad Giriş Elemanı Ekonomi
Genel Alt Bölümü Bölgesel gelişim
Kronolojik Alt Bölümü Rekabet
650 ## - KONU KATMA GİRİŞ - TOPİKAL DÖNEM
Topikal Süreli Veya Coğrafi Ad Giriş Elemanı Ekonomi
Genel Alt Bölümü Büyüme ve gelişme
700 ## - KATMA GİRİŞ - KİŞİSEL İSİM
Kişisel Ad Kayasü, Serap
942 ## - EKLENDİ GİRİŞ ELEMANLARI (KOHA)
Sınıflandırma Veya Raf Düzeni Kaynak Dewey Decimal Classification
Koha Öğesi Türü Books
999 ## - SİSTEM KONTROL NUMARALARI (KOHA)
Koha Biblionumber 2687
Koha Biblioitemnumber 2687
Holdings
Kalıcı Konum Mevcut Konum Edinme Tarihi Edinim Kaynak Toplam Check-Out'Lar Tam Çağrı Numarası Barkod Tarih Son Görülme İtibaren Geçerli Fiyatlar Koha Öğesi Türü
CHP Kütüphanesi CHP Kütüphanesi 01/25/2017 Bağış   338.9 Y36 2003 012627 01/25/2017 01/25/2017 Books